Подробности
| 000 -МАРКЕР |
| контрольное поле |
02353nam0a2200409 4500 |
| 001 - ИДЕНТИФИКАТОР ЗАПИСИ |
| контрольное поле |
RU\NLR\bibl\288443 |
| 005 - ИДЕНТИФИКАТОР ВЕРСИИ |
| контрольное поле |
20260515110112.0 |
| 010 ## - МЕЖДУНАРОДНЫЙ СТАНДАРТНЫЙ НОМЕР КНИГИ (ISBN) |
| Номер (ISBN) |
5-227-01533-3 |
| Тираж |
6000 |
| 021 ## - НОМЕР ГОСУДАРСТВЕННОЙ РЕГИСТРАЦИИ |
| Код страны |
Российская Федерация |
| Номер |
2002-13315 |
| Номер Листа государственной регистраци |
669 |
| 035 ## - ДРУГИЕ СИСТЕМНЫЕ НОМЕРА |
| Идентификатор записи |
(NLR Aleph) 000283859 |
| 100 ## - ДАННЫЕ ОБЩЕЙ ОБРАБОТКИ |
| Данные общей обработки |
20020711d2001 u u0rusy50 ca |
| 101 1# - ЯЗЫК РЕСУРСА |
| Язык текста, звукозаписи и т.д. |
русский |
| Язык оригинала |
английский |
| 102 ## - СТРАНА ПУБЛИКАЦИИ ИЛИ ПРОИЗВОДСТВА |
| Страна публикации |
Российская Федерация |
| 105 ## - ПОЛЕ КОДИРОВАННЫХ ДАННЫХ: ТЕКСТОВЫЕ МАТЕРИАЛЫ, МОНОГРАФИЧЕСКИЕ |
| Кодированные данные о монографическом текстовом документе |
y ||||||||| |
| 200 1# - ЗАГЛАВИЕ И СВЕДЕНИЯ ОБ ОТВЕТСТВЕННОСТИ |
| Основное заглавие |
Сидней Рейли. Шпион-легенда XX века |
| Сведения, относящиеся к заглавию |
Шпион-легенда XX века |
| -- |
[Сб.] |
| Первые сведения об ответственности |
Робин Брюс Локкарт |
| 210 ## - ПУБЛИКАЦИЯ, РАСПРОСТРАНЕНИЕ И ДР. |
| Место издания, распространения и т.д. |
М. |
| Имя издателя, распространителя и т. д. |
Центрполиграф |
| Дата издания, распространения и т.д. |
2001 |
| 215 ## - ФИЗИЧЕСКАЯ ХАРАКТЕРИСТИКА |
| Специфическое обозначение материала и объем |
394,[2] с. |
| Размеры |
21 |
| 327 0# - ПРИМЕЧАНИЯ О СОДЕРЖАНИИ |
| Текст примечания |
Содерж.: Ас шпионажа / Робин Брюс Локкарт. Приключения Сиднея Рейли / П. Бобадилья. Заключенный N° 73 / Т. Гладков |
| 464 #0 - АНАЛИТИЧЕСКИЙ УРОВЕНЬ |
| Встроенное поле |
2001#$aАс шпионажа$fРобин Брюс Локкарт |
| -- |
700#1$aЛоккарт$bР. Г.Б.$gРоберт Гамильтон Брюс$f1887-1970$3RU\NLR\AUTH\770165855$4070 |
| Заглавие |
Ас шпионажа |
| Автор |
Локкарт, Роберт Гамильтон Брюс (1887-1970) |
| 464 #0 - АНАЛИТИЧЕСКИЙ УРОВЕНЬ |
| Встроенное поле |
2001#$aПриключения Сиднея Рейли$fПепита Бобадилья |
| -- |
700#1$aБобадилья$bП.$gПепита$4070 |
| Заглавие |
Приключения Сиднея Рейли |
| Автор |
Бобадилья, Пепита |
| 464 #0 - АНАЛИТИЧЕСКИЙ УРОВЕНЬ |
| Встроенное поле |
2001#$aЗаключенный N° 73$fТеодор Гладков |
| -- |
700#1$aГладков$bТ. К.$f1932-2012$gТеодор Кириллович$3RU\NLR\AUTH\7725030$4070 |
| Заглавие |
Заключенный N° 73 |
| Автор |
Гладков, Теодор Кириллович (1932-2012) |
| 600 #1 - ИМЯ ЛИЦА КАК ПРЕДМЕТ |
| Начальный элемент ввода |
Рейли |
| Часть имени, кроме начального элемента ввода |
С. |
| Даты |
1874-1925 |
| Расширение инициалов личного имени |
Сидней |
| Код системы |
psbo |
| 600 #1 - ИМЯ ЛИЦА КАК ПРЕДМЕТ |
| Начальный элемент ввода |
Рейли |
| Часть имени, кроме начального элемента ввода |
С. |
| Даты |
1874 - 1925 |
| Расширение инициалов личного имени |
Сидней |
| Системный номер авторитетной/нормативной записи |
1507025 |
| Идентификатор авторитетной/нормативной записи |
RU\NLR\auth\66955872 |
| 610 0# - НЕКОНТРОЛИРУЕМЫЕ ПРЕДМЕТНЫЕ ТЕРМИНЫ |
| Предметный термин |
Английский разведка |
| 675 ## - УНИВЕРСАЛЬНАЯ ДЕСЯТИЧНАЯ КЛАССИФИКАЦИЯ (UDC/УДК) |
| Индекс |
821.111-31Локкарт |
| Издание |
3 |
| Язык издания |
rus |
| 686 ## - ИНДЕКСЫ ДРУГИХ КЛАССИФИКАЦИЙ |
| Индекс |
17.82 |
| Код системы |
|
| 686 ## - ИНДЕКСЫ ДРУГИХ КЛАССИФИКАЦИЙ |
| Индекс |
84(4Вел)-44 |
| Код системы |
|
| 686 ## - ИНДЕКСЫ ДРУГИХ КЛАССИФИКАЦИЙ |
| Индекс |
Ц68,8(4Вл)-243дРейли |
| 700 #1 - ИМЯ ЛИЦА - ПЕРВИЧНАЯ ОТВЕТСТВЕННОСТЬ |
| Код отношения |
Автор |
| Графика поля |
Кириллица |
| Материалы, к которым относится поле |
rus |
| Начальный элемент ввода |
Локкарт |
| Часть имени, кроме начального элемента ввода |
Р. Г. Б. |
| Даты |
1887-1970 |
| Расширение инициалов личного имени |
Роберт Гамильтон Брюс |
| Системный номер авторитетной/нормативной записи |
165808 |
| Идентификатор авторитетной/нормативной записи |
RU\NLR\AUTH\770165855 |
| 801 #0 - ИСТОЧНИК ЗАПИСИ |
| Страна |
Российская Федерация |
| Организация |
RKP |
| Дата составления |
20020711 |
| Правила каталогизации |
PSBO |
| 801 #1 - ИСТОЧНИК ЗАПИСИ |
| Страна |
Российская Федерация |
| Организация |
RKP |
| Дата составления |
20020711 |
| 801 #2 - ИСТОЧНИК ЗАПИСИ |
| Страна |
Российская Федерация |
| Организация |
NLR |
| Дата составления |
20050428 |
| Правила каталогизации |
rcr |
| 942 ## - ДОПОЛНИТЕЛЬНЫЕ ЭЛЕМЕНТЫ ЗАПИСИ (АБИС) |
| Тип экземпляра АБИС |
Книга |
| 980 ## - КОЛЛЕКЦИЯ |
| Название коллекции |
Национальная библиография |